| 000 | 01001nam a2200277 c 4500 | ||
|---|---|---|---|
| 999 |
_c343297 _d343297 |
||
| 003 | BLK | ||
| 005 | 20191007161106.0 | ||
| 008 | 180911b bul|||||r ||||||| ||bul|| | ||
| 010 | _a002958 | ||
| 040 | _aBLK | ||
| 041 |
_aGRE _cBUL |
||
| 080 | _z875-1 | ||
| 100 | 1 |
_aБешевлиев, Веселин _eпърви автор _938855 |
|
| 245 | 0 | 0 |
_aАлександринска поезия _bИзбрани места от следкласическата епоха на старогръцката поезия |
| 260 |
_aСофия _c1935 _fПридворна печ. |
||
| 300 |
_a243 с _c24 см |
||
| 380 | _a82 | ||
| 490 | _aУниверситетска библ | ||
| 490 |
_aЧастна колекция - Академик Михаил Арнаудов _gДарение - Основен фонд |
||
| 520 | _aМихаил Арнаудов: подпис | ||
| 655 |
_aкласическа литература _9396756 |
||
| 700 | 1 |
_aВ. Бешевлиев _9399424 |
|
| 852 | _aМА 2989 | ||
| 942 |
_cKNG _n0 _s1 |
||
| 944 |
_aCR _c1994 |
||
| 999 | _d343297 | ||